Desarrollo de entornos de realidad virtual aplicados a la inspección de obras como herramienta complementaria en la enseñanza de la ingeniería en construcción
Збережено в:
| Автор: | |
|---|---|
| Інші автори: | |
| Формат: | Книга |
| Мова: | Spanish |
| Опубліковано: |
[San, José], Costa Rica,
2021
|
| Предмети: | |
| Онлайн доступ: | https://cedi.ucr.ac.cr/civil/desarrollo-de-entornos-de-realidad-virtual-aplicados-a-la-inspeccion-de-obras-como-herramienta-complementaria-en-la-ensenanza-de-la-ingenieria-en-construccion/ |
| Теги: |
Додати тег
Немає тегів, Будьте першим, хто поставить тег для цього запису!
|
MARC
| LEADER | 00000nam a2200000Ia 4500 | ||
|---|---|---|---|
| 003 | 013401 | ||
| 005 | 20230502154415.0 | ||
| 008 | 140116s2021 cr a 000 ||spa d | ||
| 040 | |c cru CEDI | ||
| 100 | |a Mondragón Fonseca, Óscar Alfredo,1995- |9 149 | ||
| 245 | |a Desarrollo de entornos de realidad virtual aplicados a la inspección de obras como herramienta complementaria en la enseñanza de la ingeniería en construcción | ||
| 260 | |a [San, José], Costa Rica, |c 2021 | ||
| 500 | |a Proyecto de graduación (licenciatura en ingeniería civil)--Universidad de Costa Rica. Facultad de Ingeniería. Escuela de Ingeniería Civil | ||
| 501 | |a Director de Proyecto de Graduación: Ing. Robert Anglin Fonseca, Mse | ||
| 650 | |x PROFESORES UNIVERSITARIOS - FORMACION PROFESIONAL |x REALIDAD VIRTUAL |x CONSTRUCCION - SIMULACION POR COMPUTADORA |x REALIDAD AUMENTADA |x IMAGENES TRIDIMENSIONALES |x INGENIERÍA CIVIL - ESTUDIO Y ENSEÑANZA |x INGENIERIA CIVIL - INNOVACIONES TECNOLOGICAS - COSTA RICA |x ENTORNO VIRTUAL COMPARTIDO | ||
| 700 | |9 89 |a Anglin Fonseca, Robert Anthony, 1967- |d Director del TFG | ||
| 856 | |u https://cedi.ucr.ac.cr/civil/desarrollo-de-entornos-de-realidad-virtual-aplicados-a-la-inspeccion-de-obras-como-herramienta-complementaria-en-la-ensenanza-de-la-ingenieria-en-construccion/ |y https://cedi.ucr.ac.cr/civil/desarrollo-de-entornos-de-realidad-virtual-aplicados-a-la-inspeccion-de-obras-como-herramienta-complementaria-en-la-ensenanza-de-la-ingenieria-en-construccion/ | ||
| 942 | |c CEDI |h TFG 8552 |2 ddc |6 TFG_8552_000000000000000 | ||
| 999 | |c 21903 |d 21903 | ||
